000
00237nam a22000857a 4500
008
160702b xxu||||| |||| 00| 0 eng d
100
_9
1753
_a
Gupta, R.G
245
_a
Composite Mathematics for Primary Schools
260
_a
New Delhi
_b
Arya
_c
2005
999
_c
1459
_d
1459